000 00285nam a22001337a 4500
008 190205b xxu||||| |||| 00| 0 eng d
020 _a9780768938692
041 _aeng
080 _a371
100 _a25
101 _aEDU
245 _aTwo-Year Colleges
_cPeterson
942 _2udc
_cBK
999 _c54082
_d54082